Justicia política : Empleo del precedimiento legal para fines políticos. /

Guardado en:
Autor Principal: Kirchheimer, Otto.
Formato: Libro
Idioma:Undetermined
Publicado: México : Unión tipográfica editorial hispano americana., 1968.
Materias:
Etiquetas: Agregar Etiqueta
Sin Etiquetas, Sea el primero en etiquetar este registro!
LEADER 00576nam a22001575a 4500
001 EHU.bham047563
005 20110706133511.0
008 110706s1968####mx############000#0#und#d
100 1 |a Kirchheimer, Otto. 
245 0 0 |a Justicia política :  |b Empleo del precedimiento legal para fines políticos. /  |c Otto Kirchheimer. 
260 |a México :  |b Unión tipográfica editorial hispano americana.,  |c 1968. 
300 |a 501 p. 
653 |a Organizaciones políticas. 
653 |a Juicio político. 
653 |a Estado. 
859 |a AR-BHAM  |b BIB. HUMANIDADES - Donacion Lejarraga  |h MFN001782  |p 001782.19